Riconosci il Pokémon - Quiz n°357 - Statistics

Statistiche generali
  • Questo quiz è stato fatto 1 volte
  • Il punteggio medio è 4 su 10
Statistiche sulle risposte
Indizio Risposta % Corretto
Altezza 2,1 m; > 26,0 m (Gigamax)
100%
Generazione Ottava
100%
Tipo Psico / Folletto
100%
Stadio evoluzione Seconda evoluzione
100%
Sesso 100% ♀
0%
Tasso di cattura 45 (11.9%)
0%
Peso 5,1 kg, ???,? kg (Gigamax)
0%
Abilità Curacuore; Presagio; Magispecchio
0%
Pokémon Hatterene
0%
Tasso di allevamento Lento
0%
Nessun quiz corrispondente trovato
Distribuzione punteggi
Percentuale di utenti per punteggio
Percentile per numero di risposta
I tuoi punteggi nel tempo
Non hai fatto questo quiz